| 000 | 00435nam a2200157 i 4500 | ||
|---|---|---|---|
| 001 | 149273 | ||
| 003 | ES-MaACL | ||
| 005 | 20230906203024.0 | ||
| 007 | t| | ||
| 008 | 071019s1938 sp ||||1| spa d | ||
| 100 | 1 |
_aVegas Latapie, Eugenio. _9113646 |
|
| 245 | 1 | 0 |
_aRomanticismo y democracia / _cEugenio Vegas y Latapie. |
| 260 |
_aSantander : _bAldus, _c1938. |
||
| 300 |
_a189 p. ; _c18 cm. |
||
| 852 |
_aES-MaACL _jA-5027 _bR.16994 |
||
| 999 |
_c149273 _d149273 |
||